Especificación de requerimientos de un software orientado al control de servicios preventivos y correctivos de unidades de carga /

Salvato in:
Dettagli Bibliografici
Autore principale: Tovilla Quirarte, Marta Viridiana (autor)
Altri autori: Romero Ramírez, Ernesto (autor) (autor)
Natura: Tesi Libro
Lingua:spagnolo
Soggetti:
Tags: Aggiungi Tag
Nessun Tag, puoi essere il primo ad aggiungerne!!

MARC

LEADER 00000nam^a2200000^a^4500
001 000143220
005 20250521000000.0
009 20260310095717.676
037 |a Acervo ITESO - Biblioteca 
041 |a ESP 
090 |a LIA. 90 
100 |a Tovilla Quirarte, Marta Viridiana  |e (autor) 
245 1 0 |a Especificación de requerimientos de un software orientado al control de servicios preventivos y correctivos de unidades de carga /  |c M.V. Tovilla Quirarte, E. Romero Ramírez. 
264 |a Guadalajara, México :  |b edición de autor,  |c 2002 
300 |a 1 disco compacto de computadora 
336 |a datos para computadora  |b cod  |2 rdacontenido 
337 |a computadora  |b c  |2 rdamedio 
338 |a disco de computadora  |b cd  |2 rdasoporte 
502 |a ITESO Tesis de Licenciatura en Informática Administrativa 
649 |a XX 
650 |a Optimización 
650 |a Automatización 
650 |a Administración del Producto 
650 |a Proceso de Producción 
650 |a Proceso Administrativo 
650 |a Desarrollo de Sistemas 
650 |a Computadoras en la Industria 
650 |a Sistemas Computacionales 
650 |a Programación (Software) 
650 |a Ingeniería de Software 
650 |a Ingeniería Computacional 
650 |a Ingeniería Industrial 
700 |a Romero Ramírez, Ernesto  |e (autor) 
910 |a Fondo General 
920 |a Electrónicos - Tesis del ITESO en Disco 
905 |a 202 
901 |a 0500260770  |b IT2  |c STS  |u 20250521 
902 |a https://opac.biblio.iteso.mx/vufind/Record/000143220